| 000 | 00855nam a22002657a 4500 | ||
|---|---|---|---|
| 999 |
_c13647 _d13647 |
||
| 003 | MIRAKIL | ||
| 005 | 20191205110843.0 | ||
| 008 | 191205b tu ||||| |||| 00| 0 tur d | ||
| 020 | _a9756857889 | ||
| 040 |
_aTR-AnCHP _btur _cTR-AnCHP |
||
| 041 | _atur | ||
| 082 |
_a327.561 _bC35t 2004 |
||
| 100 | _aCem, İsmail | ||
| 245 |
_aTürkiye, Avrupa, Avrasya: _bStrateji, Yunanistan, Kıbrıs/ _cİsmail Cem. |
||
| 246 | _aStrateji, Yunanistan, Kıbrıs | ||
| 260 |
_aİstanbul: _bİstanbul Bilgi Üniversitesi, _c2004. |
||
| 300 |
_a1c., 288 s.: _c23 sm. |
||
| 440 |
_aİstanbul Bilgi Üniversitesi Yayınları _v68 |
||
| 490 |
_aDün-Bugün; _v2 |
||
| 504 | _aDizin vardır. | ||
| 650 |
_aDış ilişkiler _xTürkiye _xAvrupa _y1980- |
||
| 650 | 0 |
_aDış ilişkiler _xTürkiye _xAvrasya _9360 |
|
| 740 | _aStrateji, Yunanistan, Kıbrıs | ||
| 942 | _cBKS | ||